000 00369nam a2200145Ia 4500
008 230917s9999||||xx |||||||||||||| ||und||
040 _e11600
_aMAIN
041 _aEnglish
082 _a301.0973 K95P
100 _aKubat, Daniel, ed
245 0 _aPaths of sociological imagination
260 _aNew York
_bGordan and Breach
_c1971
300 _axi,584 p.
942 _cBK
999 _c37963
_d37963